Intermediate communication games : A collection of games and activities for low to mid-intermediate students of English
The language syllabus follows the communicative abilities of the students, Suitable for use with any course, Teacher's notes show you how to play each game and Photocopiable rules sheets guide the students.
Na minha lista:
| Autor principal: | |
|---|---|
| Formato: | Livro |
| Idioma: | Undetermined |
| Publicado em: |
London
Longman
1997
|
| Assuntos: | |
| Tags: |
Adicionar Tag
Sem tags, seja o primeiro a adicionar uma tag!
|
| Thư viện lưu trữ: | Trung tâm Học liệu Trường Đại học Cần Thơ |
|---|
| LEADER | 00951nam a2200229Ia 4500 | ||
|---|---|---|---|
| 001 | CTU_35089 | ||
| 008 | 210402s9999 xx 000 0 und d | ||
| 020 | |b 60.000đ | ||
| 082 | |a 428.24 | ||
| 082 | |b H129i | ||
| 100 | |a Hadfield, Jill | ||
| 245 | 0 | |a Intermediate communication games : | |
| 245 | 2 | |b A collection of games and activities for low to mid-intermediate students of English | |
| 245 | 0 | |c Jill Hadfield | |
| 260 | |a London | ||
| 260 | |b Longman | ||
| 260 | |c 1997 | ||
| 520 | |a The language syllabus follows the communicative abilities of the students, Suitable for use with any course, Teacher's notes show you how to play each game and Photocopiable rules sheets guide the students. | ||
| 650 | |a English language,English language,Listening | ||
| 650 | |x Spoken english,Problems, exercises, etc,Textbooks for foreign speakers,Problems, exercises, etc | ||
| 904 | |i Minh | ||
| 980 | |a Trung tâm Học liệu Trường Đại học Cần Thơ | ||